NTA UGC NET SET JRF Ph.D 2025-26 : (Record no. 215000)

MARC details
000 -LEADER
fixed length control field 00600nam a22001697a 4500
005 - DATE AND TIME OF LATEST TRANSACTION
control field 20260227103523.0
010 ## - LCCN (DPL NO)
LC control number BACEN 26
020 ## - INTERNATIONAL STANDARD BOOK NUMBER
International Standard Book Number 9789369586363
Terms of availability 699.00
037 ## - SOURCE OF ACQUISITION
Source of stock number/acquisition S Chand and Company Limited
082 ## - DEWEY DECIMAL CLASSIFICATION NUMBER
Classification number 000
100 ## - MAIN ENTRY--PERSONAL NAME
Personal name Sharma, Priyanka
245 ## - TITLE STATEMENT
Title NTA UGC NET SET JRF Ph.D 2025-26 :
Statement of responsibility, etc Dr. Priyanka Sharma
Remainder of title teaching and research aptitude paper-1 /
260 ## - PUBLICATION, DISTRIBUTION, ETC. (IMPRINT)
Place of publication, distribution, etc New Delhi
Name of publisher, distributor, etc S Chand and Company Limited
Date of publication, distribution, etc 2025
270 ## - ADDRESS
Address A-27,2nd floor Mohan Co-Operative Industrial Estate
City New Delhi
Postal code 110044
300 ## - PHYSICAL DESCRIPTION
Extent vp.
Dimensions 26cm(pb)
942 ## - ADDED ENTRY ELEMENTS (KOHA)
Source of classification or shelving scheme Dewey Decimal Classification
Item type English Books
Classification part 000
Call number suffix SHA

No items available.


© Delhi Public Library
Hit Counter
free hit counter